HIGHEST SELLING NBA JERSEYS OAT - Statistics

General Stats
  • This quiz has been taken 106 times
  • The average score is 9 of 10
Answer Stats
Hint Answer % Correct
cavs/lakers/heat #23/6 lebron james
100%
bulls/wizards #23 michael jordan
99%
warriors #30 steph curry
99%
Lakers #8/24 kobe bryant
98%
lakers/cavs/heat/celtics/suns/magic #32/34 shaquille oneal
97%
celtics #33 larry bird
96%
bucks/lakers #33 kareem abdul-jabbar
93%
lakers #32 magic johnson
90%
76ers/nuggets #3 allen iverson
82%
76ers #6/32 julius erving
68%
No matching quizzes found
Score Distribution
Percent of People with Each Score
Percentile by Number Answered
Your Score History
You have not taken this quiz